Method of contact stresses research over surfaces of a cutter; Высокие технологии в современной науке и технике (ВТСНТ-2016)

Detalles Bibliográficos
Parent link:Высокие технологии в современной науке и технике (ВТСНТ-2016).— 2016.— [С. 366-367]
Autor Corporativo: Национальный исследовательский Томский политехнический университет (ТПУ)
Otros Autores: Kozlova V., Zhang J., Cuic J., Bogoljubova (Bogolyubova) M. N. Mariya Nikitichna
Sumario:Заглавие с титульного экрана
Lenguaje:inglés
Publicado: 2016
Colección:Проблемы надежности машиностроения и машиностроительные технологии
Materias:
Acceso en línea:http://earchive.tpu.ru/handle/11683/36403
Formato: MixedMaterials Electrónico Capítulo de libro
KOHA link:https://koha.lib.tpu.ru/cgi-bin/koha/opac-detail.pl?biblionumber=621854

MARC

LEADER 00000naa2a2200000 4500
001 621854
005 20231101133201.0
035 |a (RuTPU)RU\TPU\conf\20475 
035 |a RU\TPU\conf\20437 
090 |a 621854 
100 |a 20170123d2016 k y0rusy50 ba 
101 0 |a eng 
102 |a RU 
105 |a y z 101zy 
135 |a drcn ---uucaa 
181 0 |a i  
182 0 |a b 
200 1 |a Method of contact stresses research over surfaces of a cutter  |f V. Kozlova [et al.] 
203 |a Текст  |c электронный 
225 1 |a Проблемы надежности машиностроения и машиностроительные технологии 
230 |a 1 компьютерный файл (pdf; 349 Kb) 
300 |a Заглавие с титульного экрана 
320 |a [Библиогр.: с. 367 (2 назв.)] 
463 1 |0 (RuTPU)RU\TPU\conf\20333  |t Высокие технологии в современной науке и технике (ВТСНТ-2016)  |o сборник научных трудов V Международной научно-технической конференции молодых ученых, аспирантов и студентов, г. Томск, 5–7 декабря 2016 г.  |f Национальный исследовательский Томский политехнический университет (ТПУ) ; под ред. А. Н. Яковлева  |v [С. 366-367]  |d 2016 
610 1 |a труды учёных ТПУ 
610 1 |a электронные ресурсы 
610 1 |a контактные напряжения 
610 1 |a режущие инструменты 
610 1 |a контактные нагрузки 
610 1 |a поляризация 
701 1 |a Kozlova  |b V. 
701 1 |a Zhang  |b J. 
701 1 |a Cuic  |b J. 
701 1 |a Bogoljubova (Bogolyubova)  |b M. N.  |c specialist in the field of mechanical engineering  |c Associate Professor of Tomsk Polytechnic University, candidate of technical sciences  |f 1940-  |g Mariya Nikitichna  |2 stltpush  |3 (RuTPU)RU\TPU\pers\36280 
712 0 2 |a Национальный исследовательский Томский политехнический университет (ТПУ)  |c (2009- )  |2 stltpush  |3 (RuTPU)RU\TPU\col\15902 
801 2 |a RU  |b 63413507  |c 20170207  |g RCR 
856 4 |u http://earchive.tpu.ru/handle/11683/36403 
942 |c BK